[Event "Wch Juvenil 2013 sub-18"]
[Site "Al-Ain UAE"]
[Date "2013.12.26"]
[Round "9.48"]
[White "Muhd, Ahsanuddien Bin Bad"]
[Black "Martinez Maya, Steven"]
[Result "0-1"]
[WhiteElo "1803"]
[BlackElo "2065"]
[PlyCount "77"]
[EventDate "2013.12.19"]
[EventType "swiss"]
[EventRounds "11"]
[EventCountry "UAE"]
[Source "lmi"]
[SourceDate "2013.12.19"]

1. e4 e5 2. Nf3 Nc6 3. Nc3 Nf6 4. d4 exd4 5. Nxd4 Bc5 6. Be3 Bb4 7. Nxc6 bxc6
8. Bd3 O-O 9. O-O Re8 10. f3 d5 11. Bg5 Bb7 12. Re1 Qd6 13. Bd2 Rad8 14. a3
Bc5+ 15. Kh1 Bb6 16. exd5 cxd5 17. Ne2 Nh5 18. Qc1 c5 19. c3 c4 20. Bc2 Bf2 21.
Nd4 Bxe1 22. Bxe1 g6 23. Bd2 Ng7 24. Be3 a6 25. Qd2 Ne6 26. Rf1 f6 27. Nxe6
Qxe6 28. Bd4 Qe2 29. Qc1 Rd6 30. Rg1 Bc6 31. Bd1 Qe6 32. Bc2 Qf7 33. Qf4 Rde6
34. Bd1 Qb7 35. Qd2 Qd7 36. Qc2 Rb8 37. b4 cxb3 38. Qb2 Ba4 39. Qb1 0-1

[Event "Wch Juvenil 2013 sub-18"]
[Site "Al-Ain UAE"]
[Date "2013.12.26"]
[Round "9.49"]
[White "De Abreu, Roberto N"]
[Black "Al Zarooni, Ahmed"]
[Result "1-0"]
[WhiteElo "2013"]
[BlackElo "1723"]
[PlyCount "51"]
[EventDate "2013.12.19"]
[EventType "swiss"]
[EventRounds "11"]
[EventCountry "UAE"]
[Source "lmi"]
[SourceDate "2013.12.19"]

1. d4 d5 2. c4 c6 3. Nf3 Nf6 4. Nc3 dxc4 5. a4 Bf5 6. Ne5 e6 7. f3 Nbd7 8. e4
Bg6 9. Nxg6 hxg6 10. Bxc4 Qc7 11. f4 Bb4 12. Qe2 Nh5 13. O-O O-O-O 14. e5 Nb6
15. Be3 Bxc3 16. bxc3 Qe7 17. g4 Nxc4 18. Qxc4 Qh4 19. gxh5 Rxh5 20. Ra2 Rdh8
21. a5 Qh3 22. Bc1 Rh4 23. a6 Rg4+ 24. Kh1 Rg3 25. axb7+ Kb8 26. Qa6 1-0

[Event "Wch Juvenil 2013 sub-18"]
[Site "Al-Ain UAE"]
[Date "2013.12.26"]
[Round "9.51"]
[White "Hu, Ting-Rey"]
[Black "Thorpe, Thomas"]
[Result "0-1"]
[WhiteElo "1562"]
[BlackElo "1897"]
[PlyCount "90"]
[EventDate "2013.12.19"]
[EventType "swiss"]
[EventRounds "11"]
[EventCountry "UAE"]
[Source "lmi"]
[SourceDate "2013.12.19"]

1. e4 c5 2. Nf3 Nc6 3. d4 cxd4 4. Nxd4 e5 5. Nxc6 bxc6 6. Nc3 Nf6 7. Bd3 Be7 8.
O-O O-O 9. f4 Qb6+ 10. Kh1 d6 11. b3 Ng4 12. Na4 Nf2+ 13. Rxf2 Qxf2 14. Qf1
Qxf1+ 15. Bxf1 Bd8 16. Be3 Bf6 17. Rd1 Bg4 18. Rd2 exf4 19. Bxf4 Be5 20. Be3
Bh5 21. Ba6 c5 22. Bb7 Rab8 23. Bd5 Bg6 24. Rf2 Rfe8 25. c4 Bf6 26. g3 Bxe4+
27. Bxe4 Rxe4 28. Bf4 Be5 29. Bxe5 Rxe5 30. Kg1 Rbe8 31. Nc3 a6 32. Nd5 Re1+
33. Rf1 R8e2 34. Rxe1 Rxe1+ 35. Kf2 Ra1 36. Nc3 Rc1 37. Ne4 Rc2+ 38. Ke3 Rxa2
39. Kd3 Rxh2 40. Nxd6 Rb2 41. Kc3 Rf2 42. Ne4 Rf3+ 43. Kc2 Rf5 44. b4 cxb4 45.
c5 Re5 0-1

[Event "Wch Juvenil 2013 sub-18"]
[Site "Al-Ain UAE"]
[Date "2013.12.23"]
[Round "10.1"]
[White "Idani, Pouya"]
[Black "Cori, Jorge"]
[Result "1/2-1/2"]
[WhiteElo "2483"]
[BlackElo "2609"]
[PlyCount "118"]
[EventDate "2013.12.19"]
[EventType "swiss"]
[EventRounds "11"]
[EventCountry "UAE"]
[Source "lmi"]
[SourceDate "2013.12.19"]

1. Nf3 d5 2. d4 c6 3. c4 Nf6 4. Nc3 dxc4 5. a4 Bf5 6. Ne5 Nbd7 7. Nxc4 e6 8. a5
Be7 9. g3 c5 10. Bf4 O-O 11. Nd6 cxd4 12. Qxd4 e5 13. Bxe5 Nxe5 14. Nxf5 Qxd4
15. Nxd4 Rad8 16. e3 Bb4 17. Bg2 Nd3+ 18. Ke2 Nxb2 19. Ncb5 a6 20. Rab1 axb5
21. Rxb2 Bxa5 22. Rxb5 Bc3 23. Nb3 Ne8 24. Rxb7 Nd6 25. Rc7 Bf6 26. Rhc1 Nb5
27. R7c5 Rb8 28. Bc6 Nc7 29. Nd2 Rfd8 30. Bd7 Na6 31. Rc8 Rbxc8 32. Bxc8 Nb4
33. Ne4 Be7 34. Bb7 Kf8 35. Rc7 h5 36. h4 g6 37. f4 Nd5 38. Bxd5 Rxd5 39. Rb7
Ra5 40. Nc3 Bf6 41. Ne4 Be7 42. Kf3 Ra3 43. Rc7 Ra5 44. Rc8+ Kg7 45. Nd2 Ra2
46. Nb3 Bb4 47. Nc1 Ra3 48. Ke2 Rc3 49. Rxc3 Bxc3 50. e4 f5 51. e5 Kf7 52. Kd3
Be1 53. Ne2 Bf2 54. Kc4 Ke6 55. Nd4+ Ke7 56. Ne2 Ke6 57. Nd4+ Ke7 58. Ne2 Ke6
59. Nd4+ Ke7 1/2-1/2

[Event "Wch Juvenil 2013 sub-18"]
[Site "Al-Ain UAE"]
[Date "2013.12.23"]
[Round "10.2"]
[White "Naroditsky, Daniel"]
[Black "Gabuzyan, Hovhannes"]
[Result "1/2-1/2"]
[WhiteElo "2531"]
[BlackElo "2532"]
[PlyCount "52"]
[EventDate "2013.12.19"]
[EventType "swiss"]
[EventRounds "11"]
[EventCountry "UAE"]
[Source "lmi"]
[SourceDate "2013.12.19"]

1. e4 e5 2. Nf3 Nc6 3. Bb5 Nf6 4. O-O Nxe4 5. Re1 Nd6 6. Nxe5 Be7 7. Bf1 Nxe5
8. Rxe5 O-O 9. Nc3 Ne8 10. d4 Bf6 11. Re1 d5 12. Bd3 c6 13. Ne2 g6 14. Bh6 Bg7
15. Qd2 Bxh6 16. Qxh6 Qf6 17. c3 Ng7 18. Ng3 Bd7 19. Re5 Rae8 20. Rae1 Re6 21.
R1e3 Rfe8 22. Rxe6 Rxe6 23. Rxe6 Nxe6 24. Bf5 Qe7 25. Bxe6 Qxe6 26. Qe3 Qxe3
1/2-1/2

[Event "Wch Juvenil 2013 sub-18"]
[Site "Al-Ain UAE"]
[Date "2013.12.23"]
[Round "10.3"]
[White "Bajarani, Ulvi"]
[Black "Abasov, Nijat"]
[Result "0-1"]
[WhiteElo "2500"]
[BlackElo "2510"]
[PlyCount "146"]
[EventDate "2013.12.19"]
[EventType "swiss"]
[EventRounds "11"]
[EventCountry "UAE"]
[Source "lmi"]
[SourceDate "2013.12.19"]

1. e4 e5 2. Nf3 Nc6 3. Bb5 Nf6 4. d3 d6 5. O-O Be7 6. c3 O-O 7. Nbd2 a6 8. Ba4
b5 9. Bb3 Na5 10. Bc2 c5 11. d4 cxd4 12. cxd4 Nc6 13. d5 Nb4 14. Bb1 a5 15. a3
Na6 16. b4 Bd7 17. Qb3 Qb8 18. Re1 Rc8 19. Bd3 Bd8 20. Nf1 axb4 21. axb4 Nc5
22. Rxa8 Nxb3 23. Rxb8 Rxb8 24. Bb2 Rc8 25. Ne3 Bb6 26. Kf1 g6 27. Rd1 Ng4 28.
Ke2 Ra8 29. Bc2 Ra2 30. Rb1 Nd4+ 31. Nxd4 Bxd4 32. Bxd4 exd4 33. Nxg4 Bxg4+ 34.
Kd3 Be2+ 35. Kxe2 Rxc2+ 36. Kf3 Kg7 37. Rd1 Kf6 38. Rxd4 Ke5 39. Rd3 Rc4 40.
Ra3 Rxe4 41. Ra7 Rf4+ 42. Ke3 g5 43. g3 Re4+ 44. Kd3 f5 45. Kc3 Rc4+ 46. Kb3
Kd4 47. Rg7 h6 48. f4 gxf4 49. gxf4 Rc3+ 50. Kb2 Rh3 51. Rf7 Rxh2+ 52. Kb3 Rh3+
53. Kc2 Kc4 54. Rxf5 Rh2+ 55. Kd1 Kxb4 56. Rf6 Kc5 57. f5 Kxd5 58. Rg6 Rf2 59.
f6 Ke5 60. Rxh6 Rxf6 61. Rh8 Kd4 62. Kc2 Rf3 63. Kb2 Kc4 64. Rh4+ Kc5 65. Kc2
d5 66. Rg4 d4 67. Rg8 Kb4 68. Rd8 d3+ 69. Kd2 Kb3 70. Rb8 b4 71. Rb7 Rf6 72.
Rb8 Rc6 73. Rb7 Ka3 0-1

[Event "Wch Juvenil 2013 sub-18"]
[Site "Al-Ain UAE"]
[Date "2013.12.23"]
[Round "10.4"]
[White "Ma, Zhonghan"]
[Black "Drozdowski, Kacper"]
[Result "1/2-1/2"]
[WhiteElo "2412"]
[BlackElo "2463"]
[PlyCount "108"]
[EventDate "2013.12.19"]
[EventType "swiss"]
[EventRounds "11"]
[EventCountry "UAE"]
[Source "lmi"]
[SourceDate "2013.12.19"]

1. d4 d5 2. c4 c6 3. Nf3 e6 4. Bg5 Nf6 5. e3 Qa5+ 6. Nbd2 Ne4 7. Bf4 Nd7 8. Bd3
Nxd2 9. Nxd2 dxc4 10. Bxc4 e5 11. Bg3 Bb4 12. a3 Bxd2+ 13. Qxd2 Qxd2+ 14. Kxd2
Nb6 15. Bb3 exd4 16. exd4 Be6 17. Rhe1 Kd7 18. Bc2 g6 19. Rad1 Rhe8 20. f3 a5
21. Re2 Bc4 22. Rxe8 Rxe8 23. Re1 Rxe1 24. Kxe1 a4 25. Bf4 Bb3 26. Bd3 Bc4 27.
Bc2 Ke6 28. h4 Bb3 29. Bd3 Kd5 30. Kd2 Ke6 31. h5 Bc4 32. hxg6 hxg6 33. Bc2 Bf1
34. g3 Bc4 35. Bc7 Nd5 36. Bd8 b5 37. Be4 Kd7 38. Bg5 Nb6 39. Bc2 Nd5 40. Be4
Nc7 41. Bc2 Bd5 42. Ke3 Bb3 43. Be4 Nd5+ 44. Kd2 Nb6 45. Bd3 Bc4 46. Bc2 Bd5
47. Ke2 Bb3 48. Be4 Bd5 49. Bc2 Bc4+ 50. Kd2 Bd5 51. Ke2 Bb3 52. Be4 Bc4+ 53.
Kf2 Bd5 54. Bd3 Bc4 1/2-1/2

[Event "Wch Juvenil 2013 sub-18"]
[Site "Al-Ain UAE"]
[Date "2013.12.23"]
[Round "10.5"]
[White "Chigaev, Maksim"]
[Black "Vaibhav, Suri"]
[Result "1/2-1/2"]
[WhiteElo "2508"]
[BlackElo "2544"]
[PlyCount "101"]
[EventDate "2013.12.19"]
[EventType "swiss"]
[EventRounds "11"]
[EventCountry "UAE"]
[Source "lmi"]
[SourceDate "2013.12.19"]

1. g3 d5 2. Bg2 e5 3. d3 Nf6 4. Nf3 Bd6 5. O-O O-O 6. Nbd2 c6 7. e4 Bg4 8. h3
Bh5 9. Qe1 Nbd7 10. b3 Re8 11. Bb2 a5 12. a3 Qc7 13. Nh4 Rad8 14. Kh1 b5 15.
Nf5 Bf8 16. f4 dxe4 17. dxe4 exf4 18. gxf4 Bg6 19. Nh4 Nh5 20. e5 Bxc2 21. Rc1
Bd3 22. Rxc6 Qb8 23. Rf3 Nc5 24. f5 Bc2 25. Qe3 Bd1 26. Qg5 Bxf3 27. Nhxf3 g6
28. fxg6 hxg6 29. Rxg6+ fxg6 30. Qxg6+ Bg7 31. Qxh5 Qc7 32. Ng5 Rxe5 33. Bxe5
Bxe5 34. Qg6+ Qg7 35. Bd5+ Kf8 36. Qf5+ Ke7 37. Ne6 Nxe6 38. Qxe6+ Kf8 39. Ne4
Re8 40. Qf5+ Ke7 41. Qe6+ Kd8 42. Nc5 Rxe6 43. Nxe6+ Ke7 44. Nxg7 Bxg7 45. a4
bxa4 46. bxa4 Bc3 47. Kg2 Kf6 48. h4 Kg7 49. Kh3 Kh8 50. Kg4 Bb4 51. Bc6
1/2-1/2

[Event "Wch Juvenil 2013 sub-18"]
[Site "Al-Ain UAE"]
[Date "2013.12.23"]
[Round "10.6"]
[White "Ynojosa, Felix Jose"]
[Black "Anton Guijarro, David"]
[Result "0-1"]
[WhiteElo "2448"]
[BlackElo "2558"]
[PlyCount "116"]
[EventDate "2013.12.19"]
[EventType "swiss"]
[EventRounds "11"]
[EventCountry "UAE"]
[Source "lmi"]
[SourceDate "2013.12.19"]

1. e4 c5 2. c3 e6 3. d4 d5 4. exd5 exd5 5. Nf3 Nc6 6. Bb5 Bd6 7. dxc5 Bxc5 8.
O-O Nf6 9. Nbd2 O-O 10. Nb3 Bb6 11. Bg5 a6 12. Be2 Re8 13. Bh4 h6 14. Nfd4 Ne5
15. Bf3 g5 16. Bg3 g4 17. Be2 Ng6 18. f4 Kh7 19. Kh1 h5 20. Bd3 Ne4 21. f5 Ne5
22. f6 Ng6 23. Nf5 Kg8 24. Nbd4 Bxd4 25. cxd4 Bxf5 26. Rxf5 Qb6 27. Rxd5 Qxb2
28. Rb1 Qc3 29. Rc1 Qa3 30. Rxh5 Rac8 31. Ra1 Qb2 32. Qg1 Rcd8 33. d5 Nxf6 34.
Bxg6 fxg6 35. Rg5 Rxd5 36. Rxd5 Nxd5 37. Re1 Rxe1 38. Qxe1 Kf7 39. a4 b5 40.
axb5 axb5 41. h3 gxh3 42. gxh3 Qf6 43. Qd1 Qf5 44. Kh2 b4 45. h4 Kg8 46. Qb3
Kh7 47. Qa2 Qe4 48. Qb3 Qe2+ 49. Kh1 Qe4+ 50. Kh2 Kh6 51. Qb2 Kh5 52. Qc1 Ne3
53. Qc5+ Nf5 54. Bf2 Kg4 55. Qc1 Qf4+ 56. Qxf4+ Kxf4 57. Kh3 b3 58. Be1 b2 0-1

[Event "Wch Juvenil 2013 sub-18"]
[Site "Al-Ain UAE"]
[Date "2013.12.23"]
[Round "10.7"]
[White "Andersen, Mads"]
[Black "Mons, Leon"]
[Result "1/2-1/2"]
[WhiteElo "2501"]
[BlackElo "2428"]
[PlyCount "100"]
[EventDate "2013.12.19"]
[EventType "swiss"]
[EventRounds "11"]
[EventCountry "UAE"]
[Source "lmi"]
[SourceDate "2013.12.19"]

1. c4 Nf6 2. Nf3 e6 3. g3 d5 4. b3 Be7 5. Bg2 O-O 6. O-O c5 7. Bb2 Nc6 8. e3 d4
9. exd4 cxd4 10. Re1 Re8 11. a3 a5 12. d3 Bf8 13. Ne5 Nxe5 14. Rxe5 Nd7 15. Rb5
Nc5 16. b4 axb4 17. axb4 Rxa1 18. Bxa1 Na6 19. Qb3 b6 20. Bc6 Re7 21. f4 Ra7
22. Bb2 Qd6 23. Bg2 Bd7 24. Na3 Nxb4 25. Bc1 h6 26. h4 Bxb5 27. Nxb5 Qd7 28.
Nxa7 Qxa7 29. Ba3 Qa5 30. Bxb4 Bxb4 31. Kh2 g6 32. Qd1 Kg7 33. Qe2 Be7 34. Qe4
Bf6 35. Kh3 h5 36. Bf3 Qd2 37. Qe2 Qb4 38. Qe4 Qb2 39. Qe2 Qa3 40. Qe4 Qd6 41.
Qc6 Qb4 42. Qe4 Qc5 43. Kg2 Be7 44. Qc6 Qa5 45. Qe4 Bc5 46. Qe5+ Kg8 47. Kh3
Qc3 48. Qe4 Bd6 49. Qa8+ Kg7 50. Qe4 Qb2 1/2-1/2

[Event "Wch Juvenil 2013 sub-18"]
[Site "Al-Ain UAE"]
[Date "2013.12.23"]
[Round "10.8"]
[White "Makhmutov, Rail"]
[Black "Grover, Sahaj"]
[Result "1/2-1/2"]
[WhiteElo "2396"]
[BlackElo "2485"]
[PlyCount "62"]
[EventDate "2013.12.19"]
[EventType "swiss"]
[EventRounds "11"]
[EventCountry "UAE"]
[Source "lmi"]
[SourceDate "2013.12.19"]

1. d4 f5 2. g3 Nf6 3. Bg2 g6 4. Nf3 Bg7 5. O-O O-O 6. b3 Ne4 7. Bb2 d5 8. c4 c6
9. e3 Be6 10. Nbd2 h6 11. Qc2 Nd7 12. Rfd1 g5 13. Ne1 Qe8 14. Rac1 h5 15. Nxe4
fxe4 16. f3 exf3 17. Nxf3 Bf5 18. Qd2 Qg6 19. cxd5 cxd5 20. Rc7 Rf7 21. Rxb7
Bg4 22. Rf1 Raf8 23. Rxa7 h4 24. Ne1 Nf6 25. Qc2 Qh5 26. gxh4 gxh4 27. h3 Bd1
28. Qf5 Qe2 29. Qf2 Qh5 30. Qf5 Qe2 31. Qf2 Qh5 1/2-1/2

[Event "Wch Juvenil 2013 sub-18"]
[Site "Al-Ain UAE"]
[Date "2013.12.23"]
[Round "10.9"]
[White "Lugovskoy, Maxim"]
[Black "Bortnyk, Olexandr"]
[Result "0-1"]
[WhiteElo "2392"]
[BlackElo "2474"]
[PlyCount "114"]
[EventDate "2013.12.19"]
[EventType "swiss"]
[EventRounds "11"]
[EventCountry "UAE"]
[Source "lmi"]
[SourceDate "2013.12.19"]

1. e4 Nf6 2. e5 Nd5 3. d4 d6 4. c4 Nb6 5. exd6 exd6 6. Nf3 Be7 7. Be2 O-O 8.
O-O Nc6 9. Nc3 Bg4 10. b3 Re8 11. Be3 Bf6 12. h3 Bh5 13. Rc1 h6 14. Re1 d5 15.
c5 Nc8 16. Nh2 Bxe2 17. Rxe2 Re6 18. Ng4 N8e7 19. Qd3 Qd7 20. Rce1 Bh4 21. g3
h5 22. gxh4 hxg4 23. hxg4 Ng6 24. Bg5 Rxe2 25. Qxe2 f6 26. Be3 Re8 27. Qd1 Nxh4
28. Kf1 g5 29. f3 Rf8 30. Bf2 f5 31. Bxh4 gxh4 32. g5 f4 33. Qd2 Qf5 34. Kg2
Rf7 35. Kh2 Rg7 36. Rg1 Nd8 37. Rg4 Ne6 38. Qe2 Kf7 39. Qe5 Qxe5 40. dxe5 c6
41. Ne2 Rxg5 42. Rxh4 Rxe5 43. Nxf4 Nxc5 44. Rh7+ Kf6 45. b4 Ne6 46. Nd3 Re3
47. Nf2 Rxf3 48. Kg2 Ra3 49. Rxb7 Rxa2 50. Kg3 Ra3+ 51. Kh2 d4 52. Rd7 Ke5 53.
Ng4+ Kf4 54. Nf6 d3 55. Nh5+ Ke5 56. Ng3 Nd4 57. Nf1 d2 0-1

[Event "Wch Juvenil 2013 sub-18"]
[Site "Al-Ain UAE"]
[Date "2013.12.23"]
[Round "10.11"]
[White "Goryachkina, Aleksandra"]
[Black "Martinez Romero, Martin"]
[Result "1-0"]
[WhiteElo "2428"]
[BlackElo "2381"]
[PlyCount "87"]
[EventDate "2013.12.19"]
[EventType "swiss"]
[EventRounds "11"]
[EventCountry "UAE"]
[Source "lmi"]
[SourceDate "2013.12.19"]

1. d4 Nf6 2. c4 g6 3. Nc3 Bg7 4. e4 d6 5. Nf3 O-O 6. Be2 e5 7. Be3 exd4 8. Nxd4
Re8 9. f3 c6 10. Bf2 d5 11. exd5 cxd5 12. O-O Nc6 13. c5 Nh5 14. Qd2 Be5 15. g3
Ng7 16. Ncb5 Bh3 17. Rfe1 Rc8 18. Rac1 a6 19. f4 axb5 20. fxe5 Rxe5 21. Bxb5
Qf6 22. Rxe5 Qxe5 23. Re1 Qh5 24. Bxc6 bxc6 25. Qf4 Qg4 26. Qxg4 Bxg4 27. b4
Kf8 28. a4 Bd7 29. Be3 Ne6 30. Nxe6+ Bxe6 31. b5 Ra8 32. b6 Rxa4 33. Rb1 Bc8
34. b7 Bxb7 35. Rxb7 d4 36. Bf4 Ke8 37. Rc7 Ra1+ 38. Kf2 Ra2+ 39. Kf3 Rxh2 40.
Rxc6 h5 41. Bg5 Rc2 42. Bf6 Kd7 43. Rd6+ Kc7 44. Bxd4 1-0

[Event "Wch Juvenil 2013 sub-18"]
[Site "Al-Ain UAE"]
[Date "2013.12.23"]
[Round "10.12"]
[White "Eliseev, Urii"]
[Black "Licznerski, Lukasz"]
[Result "1-0"]
[WhiteElo "2552"]
[BlackElo "2354"]
[PlyCount "47"]
[EventDate "2013.12.19"]
[EventType "swiss"]
[EventRounds "11"]
[EventCountry "UAE"]
[Source "lmi"]
[SourceDate "2013.12.19"]

1. e4 e6 2. Qe2 c5 3. b3 Nc6 4. Bb2 d6 5. f4 Nf6 6. Nf3 Be7 7. g3 O-O 8. Bg2
Qc7 9. e5 dxe5 10. fxe5 Nd5 11. d3 b6 12. c4 Ndb4 13. a3 Na6 14. Nbd2 f5 15.
exf6 Bxf6 16. Bxf6 gxf6 17. O-O Bd7 18. Nh4 Rad8 19. Bxc6 Qxc6 20. Qg4+ Kh8 21.
Qh5 Kg7 22. Rxf6 Kxf6 23. Ne4+ Kg7 24. Qg5+ 1-0

[Event "Wch Juvenil 2013 sub-18"]
[Site "Al-Ain UAE"]
[Date "2013.12.23"]
[Round "10.13"]
[White "De Filomeno, Simone"]
[Black "Igambergenov, Alibek"]
[Result "1-0"]
[WhiteElo "2431"]
[BlackElo "2323"]
[PlyCount "91"]
[EventDate "2013.12.19"]
[EventType "swiss"]
[EventRounds "11"]
[EventCountry "UAE"]
[Source "lmi"]
[SourceDate "2013.12.19"]

1. c4 e5 2. Nc3 Nc6 3. g3 g6 4. Bg2 Bg7 5. Rb1 a5 6. e3 f5 7. Nge2 Nf6 8. O-O
O-O 9. d4 d6 10. dxe5 dxe5 11. Bxc6 bxc6 12. Qxd8 Rxd8 13. b3 Be6 14. Na4 Rab8
15. Rb2 Bf8 16. Bd2 Bxc4 17. Bxa5 Ba3 18. Bxc7 Bxb2 19. bxc4 Ba3 20. Bxe5 Rb4
21. Bxf6 Rf8 22. Be7 Rxa4 23. Bxf8 Kxf8 24. Rb1 Rxc4 25. Rb7 Be7 26. Nf4 Kf7
27. h4 Kf6 28. Rc7 h5 29. Rd7 Bb4 30. a4 Rc2 31. Kf1 Rc1+ 32. Kg2 Rc2 33. Nd3
Rd2 34. Rb7 Bd6 35. Nb2 Bc5 36. Kf3 Ke6 37. a5 Rd8 38. Rg7 Be7 39. Rxg6+ Bf6
40. Rh6 Kf7 41. Nc4 Rd5 42. a6 Rd1 43. Nb6 Ra1 44. Nd7 Rxa6 45. Rxf6+ Ke7 46.
Nc5 1-0

[Event "Wch Juvenil 2013 sub-18"]
[Site "Al-Ain UAE"]
[Date "2013.12.23"]
[Round "10.14"]
[White "Barbot, Pierre"]
[Black "Soysal, Serkan"]
[Result "0-1"]
[WhiteElo "2404"]
[BlackElo "2114"]
[PlyCount "122"]
[EventDate "2013.12.19"]
[EventType "swiss"]
[EventRounds "11"]
[EventCountry "UAE"]
[Source "lmi"]
[SourceDate "2013.12.19"]

1. d4 Nf6 2. Nf3 c5 3. e3 g6 4. dxc5 Qa5+ 5. Nbd2 Bg7 6. a3 Qxc5 7. b4 Qc7 8.
Bb2 O-O 9. Be2 b6 10. O-O Bb7 11. c4 d6 12. Qb3 Nbd7 13. Rfc1 Rac8 14. Bc3 Ne4
15. Bxg7 Kxg7 16. Qb2+ e5 17. Rd1 Rfd8 18. Nb3 Bc6 19. Rac1 Qb8 20. Ne1 Nef6
21. Nd3 Ba4 22. Re1 Rc7 23. Nd2 Bc6 24. Bf1 Ne4 25. Nb1 Bb7 26. Red1 Nef6 27.
Nd2 Rdc8 28. f3 Ba6 29. Qb3 b5 30. cxb5 Rxc1 31. Rxc1 Rxc1 32. Nxc1 Bxb5 33.
Bxb5 Qxb5 34. a4 Qc6 35. Nd3 e4 36. fxe4 Nxe4 37. b5 Qc3 38. Qxc3+ Nxc3 39. Nb4
Nxa4 40. Nc6 Nc3 41. Nxa7 Nb6 42. Kf2 Kf6 43. Nb3 Ke5 44. Kf3 Kd5 45. Nd4 Kc5
46. h4 Nc4 47. g4 Ne5+ 48. Kg3 Nd5 49. Nac6 Nxe3 50. Nxe5 dxe5 51. Nf3 f6 52.
g5 Nf5+ 53. Kh3 fxg5 54. Nxg5 h5 55. Nf7 e4 56. Ne5 e3 57. Nxg6 Kxb5 58. Nf4
Kc4 59. Kg2 Kc3 60. Kf3 Kd2 61. Nh3 e2 0-1

[Event "Wch Juvenil 2013 sub-18"]
[Site "Al-Ain UAE"]
[Date "2013.12.27"]
[Round "10.16"]
[White "Rindlisbacher, Lars"]
[Black "Ebeling, Daniel"]
[Result "0-1"]
[WhiteElo "2345"]
[BlackElo "2374"]
[PlyCount "88"]
[EventDate "2013.12.19"]
[EventType "swiss"]
[EventRounds "11"]
[EventCountry "UAE"]
[Source "lmi"]
[SourceDate "2013.12.19"]

1. d4 Nf6 2. Nf3 e6 3. c4 Bb4+ 4. Nbd2 d5 5. a3 Be7 6. e3 O-O 7. Bd3 c5 8. dxc5
a5 9. b3 Nbd7 10. Bb2 Nxc5 11. Bc2 dxc4 12. Nxc4 b5 13. Nce5 Qxd1+ 14. Rxd1 Bb7
15. O-O Rfc8 16. Nd4 Rab8 17. Rc1 Ba8 18. Rfd1 Nd5 19. e4 Nf4 20. g3 Ng6 21.
Nxg6 hxg6 22. f3 Kf8 23. Kf2 e5 24. Ne2 f6 25. Nc3 Ne6 26. Nd5 Bc5+ 27. Kg2 Bd4
28. Bxd4 Nxd4 29. Bd3 Bxd5 30. exd5 Nxb3 31. Rxc8+ Rxc8 32. Bxg6 Nd4 33. f4 Ke7
34. fxe5 fxe5 35. Rf1 Kd6 36. Rf7 Rc7 37. Rxc7 Kxc7 38. Kf2 Kd6 39. Be4 a4 40.
Ke3 b4 41. axb4 a3 42. Bb1 Nc2+ 43. Ke4 Nxb4 44. h4 Nxd5 0-1

[Event "Wch Juvenil 2013 sub-18"]
[Site "Al-Ain UAE"]
[Date "2013.12.27"]
[Round "10.17"]
[White "Javanbakht, Nima"]
[Black "Radovanovic, Nikola"]
[Result "1/2-1/2"]
[WhiteElo "2374"]
[BlackElo "2272"]
[PlyCount "52"]
[EventDate "2013.12.19"]
[EventType "swiss"]
[EventRounds "11"]
[EventCountry "UAE"]
[Source "lmi"]
[SourceDate "2013.12.19"]

1. d4 Nf6 2. c4 g6 3. Nc3 Bg7 4. e4 d6 5. f3 O-O 6. Be3 a6 7. Qd2 Nc6 8. Nge2
Na5 9. Nc1 Nd7 10. b4 Nc6 11. Rb1 e5 12. d5 Nd4 13. N1e2 Nxe2 14. Bxe2 f5 15.
exf5 gxf5 16. O-O Nf6 17. f4 Qe8 18. c5 Bd7 19. a4 Ng4 20. Bxg4 fxg4 21. Rbe1
Qg6 22. fxe5 Bxe5 23. Bf4 Bxc3 24. Qxc3 Bxa4 25. Bc1 Rxf1+ 26. Rxf1 Rf8 1/2-1/2

[Event "Wch Juvenil 2013 sub-18"]
[Site "Al-Ain UAE"]
[Date "2013.12.27"]
[Round "10.18"]
[White "Mejak, Severin"]
[Black "Dragun, Kamil"]
[Result "0-1"]
[WhiteElo "2104"]
[BlackElo "2530"]
[PlyCount "150"]
[EventDate "2013.12.19"]
[EventType "swiss"]
[EventRounds "11"]
[EventCountry "UAE"]
[Source "lmi"]
[SourceDate "2013.12.19"]

1. Nf3 Nf6 2. c4 e6 3. g3 d5 4. Bg2 dxc4 5. Qa4+ Nbd7 6. O-O c5 7. Qxc4 b6 8.
d4 Bb7 9. Nc3 a6 10. dxc5 Bxc5 11. Rd1 b5 12. Qd3 Qb6 13. e3 O-O 14. b3 Be7 15.
Bb2 Nc5 16. Qe2 b4 17. Nb1 a5 18. Nbd2 a4 19. Ne5 Bxg2 20. Kxg2 Nd5 21. Rdc1
Qb7 22. Kg1 Rfc8 23. Rc4 axb3 24. axb3 Rxa1+ 25. Bxa1 Bf6 26. Bd4 Na6 27. Ne4
Be7 28. Rxc8+ Qxc8 29. Qc4 Qxc4 30. Nxc4 f6 31. f4 f5 32. Ned2 Bf6 33. Bxf6
gxf6 34. e4 fxe4 35. Nxe4 f5 36. Ned2 Nc5 37. Ne5 Kf8 38. Kf1 Ke7 39. Ke2 Kd6
40. Ndc4+ Kc7 41. Nd2 Kb6 42. Nd3 Nc3+ 43. Ke3 Nd1+ 44. Kd4 Nxd3 45. Kxd3 Kc5
46. Ke2 Nc3+ 47. Kd3 Kd5 48. Ke3 Na2 49. Kd3 Nc1+ 50. Kc2 Ne2 51. Kd3 Nd4 52.
Ke3 Nb5 53. Kd3 Nc3 54. Ke3 h6 55. Kd3 Na2 56. Nf1 Nc1+ 57. Kc2 Ne2 58. Kd3 Nd4
59. Nd2 Nb5 60. Ke3 Nd6 61. Kd3 Nb7 62. Nf3 Nc5+ 63. Kc2 Ke4 64. Ne5 h5 65. Nc6
Kf3 66. Nxb4 Kg2 67. Nd3 Nb7 68. Kd2 Kxh2 69. Ke2 Kxg3 70. Kf1 h4 71. b4 h3 72.
Kg1 Nd6 73. Kh1 h2 74. Nc5 Ne4 75. Nd3 Kh3 0-1

[Event "Wch Juvenil 2013 sub-18"]
[Site "Al-Ain UAE"]
[Date "2013.12.27"]
[Round "10.19"]
[White "Srbis, Jurica"]
[Black "Eltigani, Omar"]
[Result "1/2-1/2"]
[WhiteElo "2399"]
[BlackElo "2288"]
[PlyCount "90"]
[EventDate "2013.12.19"]
[EventType "swiss"]
[EventRounds "11"]
[EventCountry "UAE"]
[Source "lmi"]
[SourceDate "2013.12.19"]

1. e4 c5 2. Nf3 Nc6 3. d4 cxd4 4. Nxd4 e5 5. Nb5 d6 6. N1c3 Nf6 7. Bg5 a6 8.
Na3 b5 9. Nd5 Be7 10. Bxf6 Bxf6 11. c4 b4 12. Nc2 O-O 13. g3 Bg5 14. Bg2 Qa5
15. O-O Qc5 16. h4 Bh6 17. b3 a5 18. Qe2 Be6 19. Rad1 Ra7 20. Kh1 a4 21. a3
Bxd5 22. Rxd5 Qb6 23. Rxd6 Qc7 24. Rd3 Rb8 25. axb4 Nxb4 26. Nxb4 Rxb4 27. bxa4
Raxa4 28. Qh5 Rxc4 29. Qxe5 Ra8 30. Qd5 Rc8 31. Rfd1 Rc1 32. Rxc1 Qxc1+ 33. Rd1
Qxd1+ 34. Qxd1 Rc1 35. Qxc1 Bxc1 36. Bf1 f6 37. Bc4+ Kf8 38. Kg2 Ke7 39. Kf3
Bd2 40. Bg8 h6 41. Ke2 Bb4 42. h5 Bc5 43. f4 Bb4 44. Kf3 Be1 45. e5 fxe5
1/2-1/2

[Event "Wch Juvenil 2013 sub-18"]
[Site "Al-Ain UAE"]
[Date "2013.12.27"]
[Round "10.20"]
[White "Iyti, Basher"]
[Black "Kriebel, Tadeas"]
[Result "0-1"]
[WhiteElo "2269"]
[BlackElo "2363"]
[PlyCount "84"]
[EventDate "2013.12.19"]
[EventType "swiss"]
[EventRounds "11"]
[EventCountry "UAE"]
[Source "lmi"]
[SourceDate "2013.12.19"]

1. d4 d5 2. Nf3 e6 3. Bg5 Nf6 4. e3 Be7 5. Nbd2 h6 6. Bh4 b6 7. c4 O-O 8. Bd3
Bb7 9. O-O Nbd7 10. Rc1 c5 11. Qc2 Rc8 12. Qb1 cxd4 13. exd4 dxc4 14. Bxc4 Nh5
15. Bg3 Nxg3 16. hxg3 Nf6 17. Rfe1 Bb4 18. Qd3 Bxf3 19. gxf3 Bxd2 20. Qxd2 Qd6
21. Bb3 Rxc1 22. Rxc1 Rd8 23. Rd1 Nd5 24. Qe2 a5 25. Kg2 Ne7 26. Qe4 g6 27. Qb7
Rd7 28. Qa8+ Kg7 29. Ba4 Rd8 30. Qb7 Nd5 31. a3 Rb8 32. Qa6 h5 33. Rc1 h4 34.
Rc6 Ne3+ 35. fxe3 Qxg3+ 36. Kf1 b5 37. Rc2 Qxf3+ 38. Rf2 Qh1+ 39. Ke2 bxa4 40.
Kd3 Qb1+ 41. Kc3 Rb3+ 42. Kc4 Qc1+ 0-1